000 01071cam a2200289 a 4500
999 _c11071
_d11071
001 15622164
003 OSt
005 20191223153326.0
008 090212s2009 nyua 001 0 eng
010 _a 2009004491
020 _a9788130908601
035 _a(OCoLC)ocn305414870
040 _aDLC
_cDLC
_dYDX
_dBTCTA
_dCDX
_dYDXCP
_dDLC
050 0 0 _aHD30.22
_b.M354 2009
082 0 0 _a338.5024658
_222
_bALL/M
245 0 0 _aManagerial economics :
_btheory, applications, and cases /
_cW. Bruce Allen ... [ed al.].
250 _a7th ed.
260 _aNew York :
_bW.W. Norton,
_cc2009.
300 _axx, 684 p. :
_bill. (some col.) ;
_c25 cm.
500 _aIncludes index.
504 _aIncludes bibliographical references and index.
650 0 _aManagerial economics.
700 _aAllen, W Bruce
_9650
906 _a7
_bcbc
_corignew
_d1
_eecip
_f20
_gy-gencatlg
942 _2ddc
_cBK
_h338.5024658
_iALL/M
_k338.5024658
_mALL/M